Rebeldes, revolucionarios y refractarios : sistema, subsistemas, y antisistemas /

Bibliographic Details
Main Author: Verstrynge Rojas, Jorge
Other Authors: Cublier, Donatien, Romero Llano, Beatriz
Format: Electronic eBook
Language:Spanish
Published: [Mataro (Barcelona)] : El Viejo Topo / Ediciones de Intervención Cultural, S.L., 2012.
Edition:Edición Actualizada.
Subjects:
Online Access:Digitalia Hispánica

MARC

LEADER 00000nam a2200000Ii 4500
001 DIGVIETO029
003 NyNyDIG
006 m o d
007 cr |||||||||||
008 130601s2012 sp ob 000 0 spa d
020 |z 9788415216780 
020 |z 8415216785 
035 |a (OCoLC)888284405 
040 |a DGITA  |b eng  |e pn  |c DGITA 
050 1 4 |a JC328.3 eBook 
100 1 |a Verstrynge Rojas, Jorge. 
245 1 0 |a Rebeldes, revolucionarios y refractarios :  |b sistema, subsistemas, y antisistemas /  |c Jorge Verstrynge ; en colaboración con Donatien Cublier y Beatriz Romero Llano. 
250 |a Edición Actualizada. 
264 1 |a [Mataro (Barcelona)] :  |b El Viejo Topo / Ediciones de Intervención Cultural, S.L.,  |c 2012. 
300 |a 1 online resource (529 pages) 
336 |a text  |b txt  |2 rdacontent 
337 |a computer  |b c  |2 rdamedia 
338 |a online resource  |b cr  |2 rdacarrier 
504 |a Includes bibliographical references. 
650 0 |a Dissenters. 
650 0 |a Government, Resistance to. 
655 0 |a Electronic books. 
700 1 |a Cublier, Donatien. 
700 1 |a Romero Llano, Beatriz. 
791 2 |a Digitalia (Firm),  |e distributor. 
793 0 |g Digitalia eBook Collection:  |a El Viejo Topo. 
856 4 0 |3 Digitalia Hispánica  |u https://www.digitaliapublishing.com/a/19392/ 
910 |a Premium Collection: 2007-2012